|
|
|
|
| LEADER |
00000cam a2200000 a 4500 |
| 003 |
Ucuenca |
| 005 |
20230308180911.0 |
| 008 |
998031|1987 mx |||||r|||||||||||spa|| |
| 020 |
|
|
|a 968-18-2370-2
|
| 040 |
|
|
|b spa
|
| 041 |
0 |
|
|a es
|
| 082 |
0 |
|
|a 617.522
|
| 100 |
1 |
|
|9 83374
|a Burnett, George W.
|
| 245 |
|
|
|a Manual de microbiología y enfermedades infecciosas de la boca
|c George W. Burnett, Henry W. Scherp y George S. Schuster
|h imp
|n tomo 2
|
| 250 |
|
|
|a 1a ed., 1a reimpresión
|
| 264 |
|
|
|a México
|b Ciencia y Técnica
|c 1987
|
| 300 |
|
|
|a 235-467 páginas:
|b ilu
|c 27 cm
|
| 504 |
|
|
|a incl. ref.
|
| 505 |
0 |
|
|a Interacciones antígeno-anticuerpo y serología, alergia e hipersisibilidad, flora microbiana bucal y sus enfermedades.
|
| 650 |
|
|
|a Tecnicas microbianas
|9 218269
|
| 650 |
|
|
|a Microbiologia celular
|9 218271
|
| 650 |
|
|
|a control microorganismos
|9 218272
|
| 650 |
|
|
|a Infecciones bacterianas
|9 4694
|
| 650 |
|
0 |
|a Microbiología
|9 12607
|
| 700 |
1 |
|
|9 83374
|a Burnett, George W.
|
| 700 |
1 |
|
|9 218263
|a Scherp, Henry W.
|
| 700 |
1 |
|
|9 83375
|a Schuster, George S.
|
| 852 |
|
|
|a UC-SALUD
|f Compra
|l 1
|m General
|p 19980318
|q $ 4.80
|t 29621-2
|b 0
|d CDRS
|e CDRS
|g 616.31 29621
|z 1998-80-31
|
| 942 |
|
|
|c BK
|z margoth.maza@ucuenca.edu.ec
|2 ddc
|r vanessa.morales@ucuenca.edu.ec
|
| 999 |
|
|
|c 54490
|d 54490
|